الأحرار الدستوريون 1922-1953 / (Record no. 13384)
[ view plain ]
| 000 -الفاتح | |
|---|---|
| حقل البيانات ثابتة الطول | 00567nac a22001571u 4500 |
| 008 - عناصر البيانات ثابتة الطول - معلومات عامة | |
| حقل البيانات ثابتة الطول | 080917s2010 ua|||||r|||| 000 0 ara d |
| 020 ## - الرقم الدولى المعيارى للكتب | |
| الرقم الدولى المعيارى للكتاب | 9789770926380 |
| 082 ## - رقم تصنيف ديوى العشرى | |
| رقم التصنيف | 329.962 |
| رقم المادة | SHE |
| رقم الطبعة | 22 |
| 100 ## - المدخل الرئيسى - إسم شخصى | |
| الإسم الشخصى | الشلق، احمد زكريا |
| 9 (RLIN) | 499 |
| 245 ## - بيان العنوان | |
| العنوان | الأحرار الدستوريون 1922-1953 / |
| بيان المسئوليه,etc | احمد زكريا الشلق |
| 260 ## - PUBLICATION, DISTRIBUTION, ETC. (IMPRINT) | |
| مكان الناشر او الموزع | القاهرة : |
| اسم الناشر او الموزع | دار الشروق، 2010 |
| تاريخ النشر أو التوزيع | 2010 |
| 300 ## - الوصف المادى | |
| التعداد | 509 ص; |
| أبعاد الوعاء | 24 سم |
| 504 ## - تبصرة ببليوجرافية | |
| تبصرة ببليوجرافية,الخ | ببليوجرافي من: 483-509 |
| 651 ## - المدخل الاضافى بالموضوع - اسم جغرافى | |
| 9 (RLIN) | 11371 |
| الاسم الجغرافي | مصر. حزب الأحرار |
| 942 ## - عناصر المدخل الإضافي( كوها) | |
| Koha [default] item type | Book - Borrowing |
| سابقة رقم الطلب | 329.962 ش ل ق |
| مصدر التصنيف او مخطط الترفيف | Dewey Decimal Classification |
| حالة التراجع | حالة الفقد | مصدر التصنيف او خطة الترفيف | حالة تلف | ليس للاعارة | مجموعات كوها | المكان الدائم | المكان الحالي | موقع الترفيف | تاريخ الاكتساب | Source of acquisition | سعر الشراء الطبيعي | تعداد مسلسل / التسلسل الزمني | رقم الاستدعاء | الباركود | Date last seen | نوع الوعاء |
|---|---|---|---|---|---|---|---|---|---|---|---|---|---|---|---|---|
| Dewey Decimal Classification | Central Library | Central Library | First floor | 14/02/2010 | 50.00 | 1 | 329.962 الش | 000019170 | 15/07/2025 | Book - Borrowing |